| 000 | 00618cam a2200229ua 4500 | ||
|---|---|---|---|
| 001 | 40 | ||
| 008 | 171012n ii |||gr||||Z||||||eng | ||
| 020 | _a81-7656-752-3 | ||
| 040 | _cMAIN | ||
| 041 | _aeng | ||
| 082 | _a004 | ||
| 100 | _aSinha, Pradeep K., | ||
| 245 |
_aComputer fundamentals : _bConcepts, system & application. / _cBy Pradeep K. Sinha. |
||
| 250 | _a4th. | ||
| 260 |
_aDelhi.: _bBPBPublications., _c2007. |
||
| 300 |
_axvi,457 p.: _bill.; _c30 cm.+ _eCD. |
||
| 653 | _aComputer Science. | ||
| 653 | _aComputer Fundamentals. | ||
| 700 | _aSinha, Pradeep K., | ||
| 700 | _aSinha, Priti., | ||
| 942 | _cBK | ||
| 999 |
_c33 _d33 |
||